Países con Capitales Costeras - Muerte Súbita - Estadísticas

Estadísticas generales
  • Esta prueba ha sido intentada 113 veces
    80 desde el último reinicio
  • La puntuación promedio es 4 de 75
Answers on the Grid
Answers color-coded by a green-red scale on the quiz's grid according to % correct below.
San Cristóbal y Nieves
Barbados
Santa Lucia
Cuba
Jamaica
San Vicente y las Granadinas
Panama
Bahamas
Trinidad y Tobago
Haiti
Dominica
Republica Dominicana
Granada
Antigua y Barbuda
Argentina
Guyana
Peru
Uruguay
Dinamarca
Suecia
Irlanda
Finlandia
Portugal
Monaco
Noruega
Letonia
Malta
Estonia
Ghana
Argelia
Gambia
Guinea bissau
Sudafrica
Guinea
Senegal
Yibuti
Sierra leona
Gabon
Togo
Angola
Guinea Ecuatorial
Mozambique
Comoras
Mauritania
Mauricio
Marruecos
Santo Tome y Principe
Libia
Tunez
Seychelles
Somalia
Emiratos Árabes Unidos
Libano
Sri lanka
Timor Oriental
Brunei
Catar
Indonesia
Kuwait
Barein
Filipinas
Oman
Singapur
Japon
Samoa
Tuvalu
Islas Salomon
Islas Marshall
Ngerulmud
Papúa Nueva Guinea
Vanuatu
Fiyi
Kiribati
Nueva Zelanda
Nauru
Estados Unidos
Canada
Mexico
Guatemala
Belice
El Salvador
Honduras
Nicaragua
Costa Rica
Colombia
Venezuela
Ecuador
Chile
Brasil
España
Bélgica
Reino Unido
Países bajos
Alemania
Lituania
Polonia
Eslovenia
Italia
Croacia
Bosnia
Montenegro
Albania
Grecia
Chipre
Turquia
Israel
Damasco
Jordania
Arabia Saudita
Yemen
Irak
Iran
Pakistán
India
Banglades
Myanmar
Tailandia
Camboya
Vietnam
China
Taiwan
Corea del Sur
Corea del Norte
Rusia
Malasia
Australia
Egipto
Sudan
Eritrea
Kenia
Tanzania
Namibia
República Democrática del Congo
Republica del Congo
Camerún
Benin
Nigeria
Costa de Marfil
 
Estadísticas de respuestas
Respuesta % Correcto
Monaco
23%
Timor Oriental
23%
Singapur
19%
Haiti
15%
Portugal
15%
Vanuatu
15%
Cuba
12%
Filipinas
12%
Guinea Ecuatorial
12%
Jamaica
12%
Malta
12%
Tuvalu
12%
Uruguay
12%
Antigua y Barbuda
8%
Argelia
8%
Argentina
8%
Brunei
8%
Dinamarca
8%
Dominica
8%
Fiyi
8%
Granada
8%
Guinea bissau
8%
Islas Marshall
8%
Japon
8%
Mozambique
8%
Nueva Zelanda
8%
Panama
8%
Peru
8%
Samoa
8%
San Cristóbal y Nieves
8%
Seychelles
8%
Sri lanka
8%
Suecia
8%
Bahamas
4%
Barbados
4%
Catar
4%
Comoras
4%
Gabon
4%
Ghana
4%
Guinea
4%
Irlanda
4%
Kiribati
4%
Libano
4%
Mauricio
4%
Noruega
4%
Oman
4%
Republica Dominicana
4%
Santa Lucia
4%
Senegal
4%
Sudafrica
4%
Trinidad y Tobago
4%
Tunez
4%
Yibuti
4%
Angola
0%
Barein
0%
Emiratos Árabes Unidos
0%
Estonia
0%
Finlandia
0%
Gambia
0%
Guyana
0%
Indonesia
0%
Islas Salomon
0%
Kuwait
0%
Letonia
0%
Libia
0%
Marruecos
0%
Mauritania
0%
Nauru
0%
Ngerulmud
0%
Papúa Nueva Guinea
0%
Santo Tome y Principe
0%
San Vicente y las Granadinas
0%
Sierra leona
0%
Somalia
0%
Togo
0%
No se encontraron pruebas coincidentes
Distribución de puntuación
Porcentaje de gente con cada puntuación
Porcentaje por número respondido
Historial de tus puntuaciones
No has intentado esta prueba desde el último reinicio